Volcanoes & Earthquakes. (Record no. 112435)
[ view plain ]
| 000 -LEADER | |
|---|---|
| fixed length control field | 00300nam a2200109 a 4500 |
| 005 - DATE AND TIME OF LATEST TRANSACTION | |
| control field | 20140414131936.0 |
| 008 - FIXED-LENGTH DATA ELEMENTS--GENERAL INFORMATION | |
| fixed length control field | 110119s19uu xx 00 eng d |
| 050 ## - LIBRARY OF CONGRESS CALL NUMBER | |
| Classification number | REF 551.2 |
| Item number | V88 2006 |
| 245 ## - TITLE STATEMENT | |
| Title | Volcanoes & Earthquakes. |
| 260 ## - PUBLICATION, DISTRIBUTION, ETC. (IMPRINT) | |
| Place of publication, distribution, etc | Bath, England : |
| Name of publisher, distributor, etc | Robert Frederick Ltd, |
| Date of publication, distribution, etc | 2006. |
| Withdrawn status | Lost status | Damaged status | Home library | Current library | Shelving location | Date acquired | Total Checkouts | Full call number | Barcode | Date last seen | Price effective from | Koha item type |
|---|---|---|---|---|---|---|---|---|---|---|---|---|
| Munich Library | Munich Library | Reference Section | 01/19/2011 | REF 551.2 V88 2006 | M3731 | 04/14/2014 | 04/14/2014 | Books |